<?xml version="1.0" encoding="UTF-8"?><?xml-stylesheet type="text/xsl" href="static/style.xsl"?><OAI-PMH xmlns="http://www.openarchives.org/OAI/2.0/" xmlns:xsi="http://www.w3.org/2001/XMLSchema-instance" xsi:schemaLocation="http://www.openarchives.org/OAI/2.0/ http://www.openarchives.org/OAI/2.0/OAI-PMH.xsd"><responseDate>2026-04-13T15:10:54Z</responseDate><request verb="GetRecord" identifier="oai:www.recercat.cat:10256/25136" metadataPrefix="marc">https://recercat.cat/oai/request</request><GetRecord><record><header><identifier>oai:recercat.cat:10256/25136</identifier><datestamp>2024-10-29T21:22:55Z</datestamp><setSpec>com_2072_452955</setSpec><setSpec>com_2072_2054</setSpec><setSpec>col_2072_453068</setSpec></header><metadata><record xmlns="http://www.loc.gov/MARC21/slim" xmlns:dcterms="http://purl.org/dc/terms/" xmlns:xsi="http://www.w3.org/2001/XMLSchema-instance" xmlns:doc="http://www.lyncode.com/xoai" xsi:schemaLocation="http://www.loc.gov/MARC21/slim http://www.loc.gov/standards/marcxml/schema/MARC21slim.xsd">
   <leader>00925njm 22002777a 4500</leader>
   <datafield ind2=" " ind1=" " tag="042">
      <subfield code="a">dc</subfield>
   </datafield>
   <datafield ind2=" " ind1=" " tag="720">
      <subfield code="a">Berenguer Simon, Alba</subfield>
      <subfield code="e">author</subfield>
   </datafield>
   <datafield ind2=" " ind1=" " tag="720">
      <subfield code="a">Ballester Ferrando, David</subfield>
      <subfield code="e">author</subfield>
   </datafield>
   <datafield ind2=" " ind1=" " tag="720">
      <subfield code="a">Rascón Hernán, Carolina</subfield>
      <subfield code="e">author</subfield>
   </datafield>
   <datafield ind2=" " ind1=" " tag="720">
      <subfield code="a">Reyes-Amargant, Zaira</subfield>
      <subfield code="e">author</subfield>
   </datafield>
   <datafield ind2=" " ind1=" " tag="720">
      <subfield code="a">Rodríguez-Martín, Dolors</subfield>
      <subfield code="e">author</subfield>
   </datafield>
   <datafield ind2=" " ind1=" " tag="720">
      <subfield code="a">Fuentes Pumarola, Concepció</subfield>
      <subfield code="e">author</subfield>
   </datafield>
   <datafield ind2=" " ind1=" " tag="260">
      <subfield code="c">2024-07-13</subfield>
   </datafield>
   <datafield ind2=" " ind1=" " tag="520">
      <subfield code="a">Introduction Sexual violence (SV) is frequent in universities, and a link has been demonstrated between SV and toxic substance use by university students in leisure settings. In Spain there is little scientific evidence in this regard, and SV prevention programmes are practically non-existent in Spanish universities. Objectives To develop, implement, and evaluate an educational awareness-raising intervention regarding SV aimed at empowering university students to develop healthy affective-sexual relationships. Methods Participatory action research intervention, implemented with a convenience sample of students recruited in a public university and qualitatively evaluated using a phenomenological approach. Results The sample was composed of 22 women students, whose discourse revealed that SV acts are normalized in university leisure settings featured by the consumption of alcohol and other drugs. Post-intervention, the participants showed an increased understanding of SV, a heightened awareness of SV, and a greater capacity to identify SV acts. The intervention empowered the participants in terms of coping with SV situations and in raising awareness in their own social circles. Conclusions The intervention changed the participants' attitudes and behaviours regarding SV, empowering them not only regarding their own affective-sexual relationships, but also in censoring attitudes and behaviours that foster SV, and in transmitting their acquired knowledge of SV in their social circles. Post-intervention, the participants considered themselves to be agents of social change in their environment and in terms of healthy affective-sexual relationships. Public contribution University students participated in and evaluated an intervention that trained them to identify and to censor attitudes and behaviours that promote SV, empowered them as engines of social change, and showed them how to foster healthy affective-sexual relationships</subfield>
   </datafield>
   <datafield ind2=" " ind1=" " tag="520">
      <subfield code="a">Open Access funding provided thanks to the CRUE-CSIC agreement with Elsevier</subfield>
   </datafield>
   <datafield ind1="8" ind2=" " tag="024">
      <subfield code="a">http://hdl.handle.net/10256/25136</subfield>
   </datafield>
   <datafield tag="653" ind2=" " ind1=" ">
      <subfield code="a">Delictes sexuals</subfield>
   </datafield>
   <datafield tag="653" ind2=" " ind1=" ">
      <subfield code="a">Sex crimes</subfield>
   </datafield>
   <datafield tag="653" ind2=" " ind1=" ">
      <subfield code="a">Estudiants universitaris -- Consum d'alcohol</subfield>
   </datafield>
   <datafield tag="653" ind2=" " ind1=" ">
      <subfield code="a">College students -- Alcohol use</subfield>
   </datafield>
   <datafield tag="653" ind2=" " ind1=" ">
      <subfield code="a">Estudiants universitaris -- Consum de drogues</subfield>
   </datafield>
   <datafield tag="653" ind2=" " ind1=" ">
      <subfield code="a">College students -- Drug use</subfield>
   </datafield>
   <datafield ind2="0" ind1="0" tag="245">
      <subfield code="a">Educational intervention on sexual violence to empower university students in developing healthy affective-sexual relationships</subfield>
   </datafield>
</record></metadata></record></GetRecord></OAI-PMH>